|
|
|
|
| LEADER |
00000nab a2200000 ar4500 |
| 001 |
vtls010127816 |
| 003 |
SK-MaSNL |
| 005 |
20260304173434.0 |
| 008 |
100831c20100816xo ||||||||||||00 b|slo |
| 015 |
|
|
|a SNKBUCL2010/08
|2 snkbucl
|
| 038 |
|
|
|a SNKBUCL
|
| 040 |
|
|
|a SNKBUCL
|b slo
|c SNKBUCL
|e AACR2
|
| 041 |
0 |
|
|a slo
|
| 044 |
|
|
|a xo
|c SK
|
| 080 |
|
|
|a 796.928.093.1
|x (4)
|2 2001
|
| 100 |
1 |
|
|a Lehoťan, Ivor,
|d 1966-
|4 aut
|9 105454
|
| 245 |
1 |
0 |
|a Kazárove pozlátené nohy
|b medailová žatva Slovákov na otvorených majstrovstvách Európy v letnom biatlone
|c Ivor Lehoťan
|
| 611 |
2 |
7 |
|a Majstrovstvá Európy v letnom biatlone
|d (2010 :
|c Osrblie, Slovensko)
|2 snkbucl
|9 1503886
|
| 650 |
0 |
7 |
|a lyžovanie
|2 snkbucl
|9 3256
|
| 650 |
0 |
7 |
|a letný biatlon
|2 snkbucl
|9 1489405
|
| 773 |
0 |
|
|t Šport
|g Roč. 64, č. 188 (16.8.2010), s. 36
|x 0139-7001
|
| 852 |
|
|
|a SNK
|b KIS3GCP
|
| 856 |
4 |
1 |
|u http://denniksport.sk/article/143454/kazarove-pozlatene-nohy
|
| 999 |
|
|
|c 3003306
|d 3005236
|